000 00935nam a2200217Ia 4500
003 Ost
005 20260507075119.0
008 260507s9999||||xx |||||||||||||| ||und||
040 _cfsecg
041 _aara
082 _a330
100 _aعباس، صلاح
_eمؤلف
245 0 _aالعولمة وأثارها في الفكر المالي والنقدي /
_c صلاح عباس
260 _aالإسكندرية:
_bمؤسسة شباب الجامعة,
_c2005
300 _a204 صفحة؛
_bإيضاحات ؛
_c24 سم
520 _aالعولمة وتطور الفكر المصرفي- العولمة وتطور الفكر المالي والنقدي- أشكال الإستثمارات الأجنبية في العالم الثالث- العولمة والرقابة المالية والدولية
653 _aالعولمة
653 _aالفكر المالي
653 _aالفكر النقدي
942 _cكتاب
999 _c43062
_d43062